00694nam a2200181 i 4500001000700000003000900007005001700016008004100033080001700074100003800091245010100129260013700230300002100367502004300388650002400431710003000455852002700485180524ES-MaACL20250815112605.0120612s1973 sp |||| | spa d a577.1(043.2)1 aEscarmis Homs, Cristina (d1943-)10aBiosíntesis úrica en presencia de colchicina y de alopurinol / cpor Cristina Escarmis Homs. aBarcelona : bUniversidad de Barcelona, Secretariado de Publicaciones, Intercambio Científico y Extensión Universitaria, c1973. a16 p. ; c24 cm. aTesis-Universidad Barcelona (Extracto)07aBioquímica2embne2 aUniversidad de Barcelona. aES-MaACLjE-15362(107)